000
00191 a2200109 4500
020
_a
30008624
041
_a
eng
100
_a
Nesbo, Jo
245
_a
The Leopard
942
_c
BK
952
_7
1
999
_c
19342
_d
19342